01223nam a22002297a 4500008004100000020001800041050002000059245014300079260003900222300002800261490003200289504002800321505036500349650002800714650001500742650001600757650002700773700005200800700005400852700005100906700003600957161117s2013 sp ||||| |||| 00| 0 spa d a978849940999304aB105.C473 bC6603aLa complejidad de lo social b: la trama de la vida : nivel de integración social c/ Rafael Alberto Pérez e Isabel Sanfeliu (coords.)3 aMadridb: Biblioteca Nuevac, 2013 a544 páginasc; 24 cm. aViaje a la complejidadv; 4 6Incluye bibliografía. aComplejidad de las interacciones humanas. Hacia una antropología compleja. Hacia una sociología compleja: relación, acción, organización y estrategia. De la coordinación a la creación social de sentido: comunicación, lenguaje y significación. De la interacción a la creación. Salud, enfermedad, orden, desorden y, tal vez, un nuevo orden. 0aCOMPLEJIDAD (FILOSOFIA) 0aSOCIOLOGIA 0aFILOSOFÍA 0aEPISTEMOLOGÍA SOCIAL aPérez González, Rafael Albertoecoordinador aCaparrós, Nicoláseeditor de la compilación aCruz Roche, Rafaeleeditor de la compilación aSanfeliú, Isabelecoordinador